| 000 | 00725nam a22002532 4500 | ||
|---|---|---|---|
| 999 |
_c4329 _d4329 |
||
| 001 | 0000021468 | ||
| 003 | OSt | ||
| 005 | 20190703154219.0 | ||
| 008 | 120524s xx 000 0 eng d | ||
| 020 | _a1111525641 : | ||
| 040 |
_aKABU _cKABU |
||
| 100 | 1 | _aCassidy, Carlene M. | |
| 245 | 1 | 0 |
_aPrinciples of management / _cCarlene M. Cassidy and Robert Kreitner. |
| 250 | _a12th ed. | ||
| 260 |
_aLondon : _bCengage, _c2011. |
||
| 300 | _a1 v. (various pagings) ; | ||
| 650 | 0 | _aIndustrial management. | |
| 650 | 0 | _aManagement. | |
| 700 | 1 | _aKreitner, Robert. | |
| 908 | _a120524 | ||
| 942 |
_2lcc _cBK |
||